000 00731nam a2200217Ia 4500
008 191130s1982##################000#0#eng##
020 _a9780521125017
022 _a81018166
040 _aACL
_cACL
082 _a230 CLA
100 _aClark, David
245 _aBetween pulpit and pew : folk religion in a north Yorkshire fishing village
_cDavid Clark
260 _aCambridge
_bCambridge University Press
_cc1982
300 _axii, 186 p. : ill. ; 24 cm.
500 _aIncludes index
650 _aFishing villages - England - Staithes (North Yorkshire)
650 _aStaithes (North Yorkshire, England) - Religious life and customs
990 _a608a96d2ac10000c2696bc6ec4214c9e
991 _a93035
999 _c114652
_d114652